Vintage Shakespeare : (Record no. 65439)

MARC details
000 -LEADER
fixed length control field 00916nam a22002537a 4500
005 - DATE AND TIME OF LATEST TRANSACTION
control field 20120423113530.0
008 - FIXED-LENGTH DATA ELEMENTS--GENERAL INFORMATION
fixed length control field 120423t xxu||||| |||| 00| 0 eng d
010 ## - LCCN (DPL NO)
LC control number ENG-105045
020 ## - INTERNATIONAL STANDARD BOOK NUMBER
International Standard Book Number 9788181522719
Terms of availability 750.00
035 ## - SYSTEM CONTROL NUMBER
System control number EN-88578
037 ## - SOURCE OF ACQUISITION
Source of stock number/acquisition DBAD/PUB
040 ## - CATALOGING SOURCE
Original cataloging agency DPL
Language of cataloging Eng
082 ## - DEWEY DECIMAL CLASSIFICATION NUMBER
Classification number 822.3
100 ## - MAIN ENTRY--PERSONAL NAME
9 (RLIN) 45189
245 ## - TITLE STATEMENT
Title Vintage Shakespeare :
Statement of responsibility, etc edited by Prashant K. Sinha [and] Mohini Khot
Remainder of title new perspectives from India and abroad /
260 ## - PUBLICATION, DISTRIBUTION, ETC. (IMPRINT)
Place of publication, distribution, etc Jaipur
Name of publisher, distributor, etc Book Enclave
Date of publication, distribution, etc 2010
270 ## - ADDRESS
Address Jain Bhawan, Opp. N.E.I., Shanti Nagar
City Jaipur
Postal code 302006
300 ## - PHYSICAL DESCRIPTION
Extent viii,240p.
Dimensions 22cm(Hb)
500 ## - GENERAL NOTE
General note Includes index
700 ## - ADDED ENTRY--PERSONAL NAME
Personal name Sinha, Prashant K.
9 (RLIN) 45577
700 ## - ADDED ENTRY--PERSONAL NAME
Personal name Khot , Mohini
9 (RLIN) 45578
942 ## - ADDED ENTRY ELEMENTS (KOHA)
Source of classification or shelving scheme Dewey Decimal Classification
Item type English Books
Call number suffix VIN
Classification part 822.3
Holdings
Withdrawn status Lost status Source of classification or shelving scheme Damaged status Not for loan Collection code Home library Current library Date acquired Source of acquisition Cost, normal purchase price Total Checkouts Full call number Barcode Date last seen Copy number Cost, replacement price Koha item type
    Dewey Decimal Classification   Not For Loan Non-fiction D.B.Act.Division D.B.Act.Division 23/04/2012 DBAD/PUB 750.00   822.3 VIN EN-88578 23/04/2012 1 750.00 English Books

© Delhi Public Library
Hit Counter
free hit counter